000
00218 a2200097 4500
001
14996
100
_a
245
_a
MECCA The Muslims Pilgrimage
260
_a
New york
_b
Moncef Guellaty
_c
1979
090
_c
11751
_d
11751
942
_a
NUST-CAE
_c
M
_c
1949
999
_c
250069
_d
250069